000 00608nam a2200205Ia 4500
005 20260114185858.0
008 008 260114s9999 xx 000 0 eng d
020 _a9781509950423
037 _aEBOOK
040 _aCRL
_beng
_cCRL
041 _aeng
_2eng
084 _qCRL
100 _aPaul Wragg and AndrĂ¡s Koltay
_9875550
245 0 _aGlobal Perspectives on Press Regulation, Volume 2
260 _bBloomsbury
_c2024
650 _aLaw
_9875551
856 _uhttps://doi.org/10.5040/9781509950423?locatt=label:secondary_bloomsburyCollections
942 _cEBOOK
999 _c1474426
_d1474426